000 00439 a2200169 4500
001 143982
040 _cLeonardo Da Vinci
041 _aPortuguês
082 _aAP530 P737f
_bP737f
100 _aPIQUEIRA, José Roberto Castilho
_aANDRADE, Luís Ricardo Arruda de
245 _aFísica 3
260 _bAnglo
_c2002
_aSão Paulo
300 _a367
362 _a20100322
697 _aElétrica
_aGeradores
_aCapacitores
_aLT
942 _cBK
999 _c143982
_d143982